000 00288nam a22001337a 4500
008 170225b xxu||||| |||| 00| 0 eng d
020 _a0070557241
041 _aeng
080 _22ND
_a617
100 _a5
101 _aSHK
245 _aPRINCIPLES OF SURGERY
_cSCHWARTZ
942 _2udc
_cBK
999 _c6248
_d6248